00448 2200181 4500001002100000005001500021035002000036007000300056008004100059020002200100082000800122084001400130100001500144245002600159250001200185260003200197300003700229INLIS00000000000168420231219102137 a0010-1223000100ta231219 e 0 ind  a978-602-5792-40-3 a300 a300 TAN m0 aTan Malaka1 aMadilog /cTan Malaka aCet. 17 aYogyakarta :bNarasi,c2022 aiv + 560 hlm. ;c14,5 cm x 21 cm